Príspevok ku kazuistike suchých porodov. Prípad zakončený cisárskym rezom

Bibliographic Details
Main Author: Šelleng, Jozef (Author)
Format: Article
Language:Slovak

MARC

LEADER 00000nab a2200000ua 4500
001 vtls010773829
003 SK-MaSNL
005 20260303123404.0
008 230214s1933 xo |||||||||||||||||slo|
035 |a (urnnbn)urn:nbn:sk:snk:ar-a03ktu 
035 |a (uuid)7a59de9e-fc5f-4a39-8dab-4cc997c4b1eb 
035 |a urn:nbn:sk:snk-ab5c88 
040 |a SNKBUCL  |b slo  |c SNKBUCL  |e AACR2 
041 0 |a slo 
044 |a xo  |c SK 
100 1 |a Šelleng, Jozef  |4 aut  |9 1139134 
245 1 0 |a Príspevok ku kazuistike suchých porodov. Prípad zakončený cisárskym rezom  |c Jozef Šelleng 
773 0 |t Bratislavské lekárske listy  |g Roč. 13, č. 4 (1933), s. 185-188 
954 |a odborná, vedecká literatúra pôvodná (slovenská)  |2 lita 
958 |a OND 
958 |a EUIPO 
958 |a article3 
999 |c 1925593  |d 1927523